Your forces and how to use them / (Record no. 39546)

MARC details
000 -LEADER
fixed length control field 00465nam a2200181Ia 4500
005 - DATE AND TIME OF LATEST TRANSACTION
control field 20260122095435.0
008 - FIXED-LENGTH DATA ELEMENTS--GENERAL INFORMATION
fixed length control field 260121s9999||||xx |||||||||||||| ||und||
020 ## - INTERNATIONAL STANDARD BOOK NUMBER
International Standard Book Number 9789392274596
082 ## - DEWEY DECIMAL CLASSIFICATION NUMBER
Classification number 158
Item number LAR
100 ## - MAIN ENTRY--PERSONAL NAME
Personal name Larson, D. Christian
245 #0 - TITLE STATEMENT
Title Your forces and how to use them /
260 ## - PUBLICATION, DISTRIBUTION, ETC. (IMPRINT)
Place of publication, distribution, etc Washington :
Name of publisher, distributor, etc National Academies Press,
Date of publication, distribution, etc 2024.
300 ## - PHYSICAL DESCRIPTION
Extent 212 p.; pbk
650 ## - SUBJECT ADDED ENTRY--TOPICAL TERM
Topical term or geographic name as entry element Forces
650 ## - SUBJECT ADDED ENTRY--TOPICAL TERM
Topical term or geographic name as entry element How To Use Them
650 ## - SUBJECT ADDED ENTRY--TOPICAL TERM
Topical term or geographic name as entry element Your
942 ## - ADDED ENTRY ELEMENTS (KOHA)
Koha item type Text Books
Holdings
Withdrawn status Lost status Source of classification or shelving scheme Damaged status Not for loan Collection code Home library Location Shelving location Date of Cataloging Total Checkouts Full call number Barcode Date last seen Price effective from Koha item type Source of acquisition
    Dewey Decimal Classification     Non-fiction CUTN Central Library CUTN Central Library Religion 08/08/2023   299.93 LAR 48517 08/08/2023 08/08/2023 General Books  
          Non-fiction CUTN Central Library CUTN Central Library Philosophy & psychology 22/01/2026   158 LAR 53492 22/01/2026 22/01/2026 Text Books Shanti Books, Chennai - Invoice No. - 1640 on 05-03-2025